000 00964nam a22001937a 4500
003 OSt
005 20140407165933.0
008 140206b xxu||||| |||| 00| 0 eng d
040 _cमराठी
082 _b229
100 _aराजवाडे, विश्वनाथ काशिनाथ
245 _aमराठयांच्या इतिहासाची साधने : १७५० पासून ते १७६१ पर्यंत
260 _aवाई
_bमोदवृत्त छापखान्यांत छापिले
_c1898
300 _a५३१ पृष्ठे
520 _aमराठयांच्या इतिहासाची साधने
653 _aमराठयांच्या इतिहासाची साधने
856 _uhttp://dspace.vpmthane.org:8080/jspui/bitstream/123456789/3570/1/229Rajwade-Marthachaya_itehassachi_sadhne_vol.I-.pdf
942 _2ddc
_cEBOOK
999 _c837024
_d837021